000 01386 a2200277 4500
001 24528
005 20260407155529.0
008 260407a2011 arg spa d
003 AR-UNSa-BCEJYS
040 _aAR-UNSa-BCEJYS
_bspa
_cAR-UNSa-BCEJYS
080 _a342.7
_xDerechos fundamentales. Derechos humanos. Derechos y deberes de los ciudadanos (Derecho a la Salud, vivienda)
245 1 0 _aPrácticas para asistir y defender a niños, niñas y adolescentes
020 _a978-987-1407-29-3
264 1 _aBuenos Aires :
_bMinisterio de Justicia y Derechos Humanos de la Nación
_c2011
300 _a159 p.
_c22 cm.
505 _a1. Niñez y Derecho - 2. El derecho penal y los derechos de niños, niñas y adolescentes : Niñez, violencia, derecho y cambio social - 3. Consumo de sustancias - 4. Maltrato infanitl en las organizacions familiares - 5. Abuso sexual infantil(ASI).Aspectos forenses-roles y responsabilidades del sistema penal.
942 _cBK
590 _aniveau_biblio:m niveau_hierar:0
100 1 _aGiberti, Eva
700 1 _aÁlvarez, José Atilio
700 1 _aBeloff, Mary
700 1 _aBerlinerblau, Virginia
700 1 _aBringiotti, María Inés
700 1 _aCalabrese, Alberto
856 4 1 _uhttps://biblioeco.unsa.edu.ar/pmb/images/libros/Practicas para asistir y defender a ni?os, ni?as y adolecentes-l118600.jpg
_yImagen de portada
_qimage/jpeg
999 _c1199
_d1199